What are the closest countries to Nauru? - Statistics

General Stats
  • This quiz has been taken 85 times
    77 since last reset
  • The average score is 25 of 30
Answer Stats
Proximity Country % Correct
3,170 km Australia (Norfolk Island)
97%
6,688 km Indonesia
97%
4,899 km Japan
92%
3,249 km New Zealand (Niue)
92%
2,766 km Samoa
92%
2,995 Tonga
92%
1,914 km Vanuatu
92%
1,273 km F. S. Micronesia
90%
709 km Kiribati
90%
975 km Marshall Islands
88%
1,254 km Solomon Islands
88%
1,395 km Tuvalu
88%
2,890 km USA (Guam)
88%
6,232 km China (Hong Kong)
87%
3,693 km Palau
87%
2,401 km Papua New Guinea
87%
7,028 km Vietnam
87%
2,320 km Fiji
85%
7,243 km Malaysia
83%
5,794 km Brunei
82%
5,311 km Philippines
82%
6,967 km Cambodia
80%
7,462 km Thailand
80%
7,303 km Laos
78%
4,618 km East Timor
77%
5,872 km South Korea
77%
6,065 km North Korea
75%
7,001 km Singapore
72%
5,634 km Taiwan
70%
2,411 km France (New Caledonia)
62%
No matching quizzes found
Score Distribution
Percent of People with Each Score
Percentile by Number Answered
Your Score History
You have not taken this quiz since the last reset